01735nam a2200337 a 450000100100000000500170001000800410002702000180006804000250008608200170011111000860012824501100021426000360032430000280036049000340038850000320042259000260045465000360048065000390051665000360055565000580059170000340064983000410068391000370072495201290076195201290089095201290101995201140114895201200126299900150138200000659520200929153946.0090901s2008 dr a f000 0 spa d z9789945436297 aDO-SdBNPbspacBNPHU a618.3bR426g1 aRepública DominicanabSecretaría de Salud Pública y Asistencia Social9140510aGuías de atención a las principales urgencias obstétricas /cpresentación Bautista Rojas Gómez. aSanto Domingo :bSESPAS,c2008. a149 p. :bil. ;c22 cm.1 aGuías materno-infantilesv1 aBibliografía : p. 141-142 aInventariado, 2018/DG 4aUrgencias en obstetricia918300 4aComplicaciones del embarazo910849 4aComplicaciones del parto918301 4aSalud públicazRepública DominicanaxNormas9140912aRojas Gómez, Bautista91410 0aGuías materno-infantilesv1918302 aValidado. Control de calidad MFF 001054708DSaGRbGRcHDd2010-02-23iLF1l0o618.3 R426gp6595-30r2020-06-25te. 3w2020-06-25yLFDSZPréstamo en sala 001054708DSaGRbGRcHDd2010-02-23iLF1l0o618.3 R426gp6595-40r2020-06-25te. 4w2020-06-25yLFDSZPréstamo en sala 001054708DSaGRbGRcHDd2010-02-23iLF1l0o618.3 R426gp6595-50r2020-06-25te. 5w2020-06-25yLFDSZPréstamo en sala 0010718PDaPDbPDcHDd2009-09-01iLF1l0o618.3 R426gp6595-10r2020-06-25w2020-06-25yLFPDZNo se presta 0010718PDaPDbPDcHDd2009-09-01iLF1l0o618.3 R426gp6595-20r2020-06-25te. 2w2020-06-25yLFPDZNo se presta c6386d6386